000 00448nam a2200181Ia 4500
001 19806
005 20260306172720.0
008 260306t2004||||xx |||||||||||||| ||spa||
041 _aESP
082 _a341.1
_bP26
100 _aParodi Remón, Carlos
_eAUT
245 0 _aEl derecho natural humanista:
_bdel sistema legal al sistema jurídico
260 _c2004
300 _a
_c
650 _aGEN
654 _aCDE
942 _cLIB
_dJUS
_fJUS
_2ddc
_n
999 _c19806
_d19806